| 000 | 01824nam0a2200373 4500 | ||
|---|---|---|---|
| 001 | RU\NLR\BIBL_A\022690520 | ||
| 005 | 20260115112403.0 | ||
| 010 |
_a978-5-6054479-6-2 _9300 |
||
| 021 |
_aRU _bКН-П-25-067722 _9КН-П-25-6553 |
||
| 035 | _a(NLR Aleph) 022690520 | ||
| 090 |
_a13514722 _c13514722 |
||
| 100 | _a20251218d2025 u y0rusy50 ca | ||
| 101 | 0 | _arus | |
| 102 | _aRU | ||
| 105 | _aabh|z|||000yy | ||
| 181 | 0 |
_ai3 _baxxe |
|
| 182 | 0 | _an | |
| 200 | 1 |
_aБелгородская черта _eсборник статей и материалов по истории Белгородской оборонительной черты _fБелгородская региональная общественная организация "Историческое общество "Ратник" _gредакционная коллегия: В. М. Жигалов [и др.] |
|
| 203 |
_aТекст _bвизуальный _cнепосредственный |
||
| 210 |
_aБелгород _cЕлена Сичкарева _d2025 |
||
| 215 |
_a323 с. _cил., карты, факс., табл. _d29 |
||
| 225 | 1 |
_aБелгородская черта _vвып. № 10, 2025 г. |
|
| 320 | _aБиблиогр. в конце ст. | ||
| 333 | _a12+ | ||
| 607 |
_aБелгородская засечная черта _z17 в. _jСборники _2nlr_sh1 _2nlr_sh2 _3RU\NLR\AUTH\66160841 |
||
| 686 | 1 | _aТ3(2)461-543я43 | |
| 686 | 1 | _aЦ561.212.1г(2)я43 | |
| 702 | 1 |
_aЖигалов _bВ. М. _gВладимир Михайлович _4340 |
|
| 712 | 0 | 2 |
_a"Ратник", историческое общество _cБелгород _3RU\NLR\AUTH\880445148 _4570 |
| 942 | _cBOOK | ||
| 980 | _aNB | ||